|
|
|
|
| LEADER |
01347nam a2200397 a 4500 |
| 001 |
000631839 |
| 003 |
CZ BrMZK |
| 005 |
20120417102648.0 |
| 007 |
ta |
| 008 |
021021s2002 xr e cze d |
| 015 |
|
|
|a cnb001185004
|
| 020 |
|
|
|a 80-86406-25-3
|
| 035 |
|
|
|a (OCoLC)85038382
|
| 040 |
|
|
|a BOA001
|b cze
|
| 043 |
|
|
|a e-xr---
|b e-xr-st
|2 czenas
|
| 045 |
|
|
|a t-u-
|
| 072 |
|
7 |
|a 622
|x Hornictví
|2 Konspekt
|9 19
|
| 080 |
|
|
|a 622.343/.349
|2 MRF
|
| 080 |
|
|
|a 33
|2 MRF
|
| 080 |
|
|
|a 94(437.312)
|2 MRF
|
| 080 |
|
|
|a 553.43
|2 MRF
|
| 080 |
|
|
|a (437.312)
|2 MRF
|
| 080 |
|
|
|a (048.8)
|2 MRF
|
| 100 |
1 |
|
|a Skřivánek, Milan,
|d 1939-2023
|7 jk01111639
|4 aut
|
| 245 |
1 |
0 |
|a Kutnohorská měď v XVI. a na počátku XVII. století :
|b (ekonomická studie) /
|c Milan Skřivánek
|
| 260 |
|
|
|a Kutná Hora :
|b Kuttna,
|c 2002
|
| 300 |
|
|
|a 36 s. ;
|c 21 cm
|
| 504 |
|
|
|a Obsahuje bibliografii a bibliografické odkazy
|
| 650 |
0 |
7 |
|a těžba mědi
|7 ph135074
|x ekonomické aspekty
|2 czenas
|
| 650 |
0 |
7 |
|a ložiska mědi
|7 ph134889
|z Česko
|2 czenas
|
| 650 |
0 |
7 |
|a těžba mědi
|7 ph135074
|z Česko
|2 czenas
|
| 655 |
|
7 |
|a studie
|7 fd133597
|2 czenas
|
| 651 |
|
7 |
|a Kutná Hora (Česko)
|7 ge129717
|x dějiny
|2 czenas
|
| 910 |
|
|
|a BOA001
|b 2-1107.818
|
| 990 |
|
|
|a BK
|
| 996 |
6 |
|
|b 2610172583
|c 2-1107.818
|l MZK
|r Sklad / do 1 hodiny
|n 0
|p p.v.
|w 000631839
|u 000010
|a 1
|e BOA001
|j MZK50
|s P
|